000 00350nam a22001457a 4500
003 OSt
005 20160727222409.0
008 160624b xxu||||| |||| 00| 0 eng d
040 _cTest
100 _9926
_aPuig, E
245 _aChico the Street Boy
260 _aBombay
_b Better Yourself Books
_c1984
300 _aChico the Street Boy
942 _2ddc
_cBK
999 _c737
_d737